Joueurs du PSG ayant joué au moins un match sous QSI - Statistiques

Statistiques générales
  • Ce quiz a été pris 142 fois
  • Le résultat moyen est 23 sur 126
Statistiques - réponses
Poste Nationalité Joueur % Correct
Gardien France Alphonse Aréola
66%
Attaquant France Kylian Mbappé
59%
Gardien Italie Gianluigi Buffon
55%
Gardien Costa Rica Keylor Navas
52%
Gardien Allemagne Kevin Trapp
51%
Gardien Italie Gianluigi Donnarumma
43%
Défenseur Brésil Thiago Silva
43%
Défenseur France Presnel Kimpembe
42%
Gardien Italie Salvatore Sirigu
42%
Défenseur Brésil Marquinhos
41%
Gardien Espagne Sergio Rico
41%
Attaquant Uruguay Edinson Cavani
38%
Défenseur Brésil Alex
35%
Attaquant Brésil Neymar JR
35%
Attaquant Suède Zlatan Ibrahimovic
34%
Défenseur Maroc Achraf Hakimi
33%
Défenseur Brésil David Luiz
33%
Attaquant Argentine Lionel Messi
33%
Milieu Italie Marco Verratti
33%
Attaquant Argentine Angel Di Maria
32%
Milieu France Blaise Matuidi
31%
Gardien Pologne Marcin Bulka
31%
Défenseur Brésil Maxwell
29%
Défenseur Espagne Juan Bernat
28%
Milieu Italie Thiago Motta
28%
Défenseur Belgique Thomas Meunier
28%
Défenseur Brésil Dani Alves
27%
Défenseur Pays- Bas Gregory Van der Wiel
27%
Milieu France Adrien Rabiot
26%
Attaquant Allemagne Julian Draxler
26%
Défenseur Allemagne Thilo Kehrer
26%
Milieu Portugal Danilo Pereira
25%
Milieu Espagne Fabian Ruiz
25%
Défenseur France Layvin Kurzawa
25%
Attaquant Brésil Lucas Moura
25%
Défenseur Portugal Nuno Mendes
25%
Milieu Portugal Vitinha
25%
Milieu Angleterre David Beckham
24%
Milieu Sénégal Idrissa Gueye
24%
Gardien France Nicolas Douchez
24%
Défenseur Côte d'Ivoire Serge Aurier
24%
Défenseur Espagne Sergio Ramos
24%
Attaquant Espagne Carlos Soler
23%
Défenseur Sénégal Abdou Diallo
22%
Gardien France Alexandre Letellier
22%
Attaquant France Christopher Nkunku
22%
Défenseur France Colin Dagba
22%
Attaquant Argentine Ezequiel Lavezzi
22%
Milieu France Warren Zaire-Emery
22%
Milieu Argentine Javier Pastore
21%
Milieu Argentine Leandro Paredes
21%
Défenseur France Mamadou Sakho
21%
Attaquant Argentine Mauro Icardi
21%
Attaquant Etats-Unis Timothy Weah
21%
Attaquant France Moussa Diaby
19%
Défenseur Espagne Yuri Berchiche
19%
Milieu Espagne Ander Herrera
18%
Défenseur France Christophe Jallet
18%
Milieu Argentine Giovanni Lo Celso
18%
Milieu France Yohan Cabaye
18%
Milieu France Benjamin Stambouli
17%
Attaquant Portugal Gonçalo Guedes
16%
Attaquant France Hugo Ekitike
16%
Attaquant France Kevin Gameiro
16%
Défenseur Italie Alessandro Florenzi
15%
Milieu France Clément Chantôme
15%
Attaquant Cameroun Eric Choupo-Moting
15%
Attaquant France Guillaume Hoarau
15%
Attaquant France Jeremy Menez
15%
Attaquant France Kingsley Coman
15%
Attaquant Turquie Mevlut Erding
15%
Attaquant Espagne Pablo Sarabia
15%
Milieu Portugal Renato Sanches
15%
Milieu Pays- Bas Xavi Simons
15%
Attaquant France Hatem Ben Arfa
14%
Défenseur France Lucas Digne
14%
Défenseur France El Chadaille Bitshiabu
13%
Attaquant France Jean-Kévin Augustin
13%
Milieu France Lassana Diarra
13%
Attaquant Brésil Nenê
13%
Défenseur France Zoumana Camara
13%
Défenseur Uruguay Diego Lugano
12%
Milieu France Tanguy Kouassi
12%
Milieu Pays- Bas Georginio Wijnaldum
11%
Milieu Pologne Grzegorz Krychowiak
11%
Attaquant France Jean-Christophe Bahebeck
11%
Défenseur Pays- Bas Mitchell Bakker
10%
Attaquant France Hervin Ongenda
9%
Milieu Espagne Ismael Gharbi
9%
Défenseur Serbie Milan Bisevac
9%
Défenseur France Nordi Mukiele
9%
Milieu France Edouard Michut
8%
Attaquant Espagne Jesé Rodriguez
8%
Gardien France Ronan Le Crom
8%
Défenseur France Sylvain Armand
8%
Milieu Brésil Rafinha
7%
Défenseur France Timothée Pembélé
7%
Attaquant France Arnaud Kalimuendo
6%
Milieu France Mathieu Bodmer
6%
Défenseur Côte d'Ivoire Siaka Tiéné
6%
Milieu France/ Algérie Adil Aouchiche
5%
Défenseur France Alec Georgen
5%
Attaquant France Ilyes Housni
5%
Milieu France/ Algérie Yacine Adli
5%
Milieu France Antoine Bernède
4%
Défenseur France Kevin Rimane
4%
Attaquant Turquie Metehan Guclu
4%
Milieu France Jonathan Ikoné
3%
Milieu France/ Maroc Kays Ruiz-Atil
3%
Défenseur France Loïc Mbe Soh
3%
Milieu Mali Mohamed Sissoko
3%
Défenseur France Arthur Zagre
2%
Milieu France/ Cameroun Eric Dina Ebimbe
2%
Milieu France Lorenzo Callegari
2%
Défenseur Brésil Marcos Ceara
2%
Attaquant Haiti Jean-Eudes Maurice
1%
Milieu RDC Neeskens Kebano
1%
Défenseur Guinée Antoine Conté
0%
Milieu France/ Mali Bandiougou Fadiga
0%
Milieu RDC Granddi Ngoyi
0%
Attaquant France Kenny Naguera
0%
Défenseur France Nathan Bitumazala
0%
Attaquant France/ Guinée Sékou Yansané
0%
Défenseur France Stankey Nsoki
0%
Milieu France Timothée Taufflieb
0%
Milieu Côte d'Ivoire Yakou Meité
0%
Aucun quiz correspondant
Distribution des résultats
% des personnes avec chaque résultat
Percentile par nombre de réponses
Votre historique - résultats
Vous n’avez pas pris ce quiz